000 01025nam a2200313 a 4500
001 vtls000195619
003 NLI
005 20210602113026.0
008 101125s1973 enka 001 0 eng
020 _a0043200842 :
_cPND 7.35
039 9 _y201011252320
_zVLOAD
040 0 _aNLI
_beng
_cDatasoft 1
_eAACR2
041 0 _aeng
044 _aenk
082 0 4 _a327
245 0 4 _aThe other powers :
_bstudies in the foreign policies of small states /
_cedited by R. P. Barston
260 _aLondon :
_bAllen and Unwin,
_cc1973
300 _a3-341 p. :
_bill. ;
_c23 cm.
500 _aIncludes index
650 0 _aStates, Small
_9219412
650 0 _aWorld politics
_y1945-1989
_9210850
700 1 _aBarston, R. P.
_q(Ronald Peter),
_4edt
_9374401
887 _a
901 _a407504
_b01.08.1973
902 _aE 327 B 28
942 _2ddc
_cBKS
949 _AVIRTUAITEM
_D10000
_X100
_6PUR000407504ENG
999 _aVIRTUA40
_c200030
_d200030
999 _aVTLSSORT0080*0200*0400*0410*0440*0820*2450*2600*3000*5000*6500*6501*7000*9010*9020*9490*9991